|
|
|
|
| LEADER |
00626nab a2200169 i 4500 |
| 001 |
misc1149 |
| 005 |
20191106143753.0 |
| 008 |
170607s1911 hu o 0|| hun d |
| 040 |
|
|
|a SZTE Miscellanea Repozitórium
|b hun
|
| 041 |
|
|
|a hun
|
| 100 |
1 |
|
|a Palágyi Lajos
|
| 245 |
1 |
0 |
|a Dramaturgiai tanulmányok
|h [elektronikus dokumentum] :
|b a satyrdrámáról /
|c Palágyi Lajos
|
| 260 |
|
|
|c 1911
|
| 300 |
|
|
|a 464-465
|
| 490 |
0 |
|
|a Kultura [!Kultúra] : irodalmi, művészeti, kritikai képes havi folyóirat
|v 2 No. 9
|
| 695 |
|
|
|a Irodalomtudomány
|
| 856 |
4 |
0 |
|u http://misc.bibl.u-szeged.hu/1149/1/kultura_002_009_464-465.pdf
|z Dokumentum-elérés
|